000 00553nam a2200181Ia 4500
008 090711s9999 xx 000 0 und d
082 _b37493
100 _aपार्थसारथी इंदिरा
245 _aऔरंगजेब
260 _c1977
300 _a80
600 _aपार्थसारथी इंदिरा
630 _aऔरंगजेब
700 _aभिडे श्री. र.
700 _aपार्थसारथी इंदिरा
730 _aऔरंगजेब
942 _cBOOK
999 _c306159
_d306159